La era protestante

সংরক্ষণ করুন:
গ্রন্থ-পঞ্জীর বিবরন
প্রধান লেখক: Tillich, Paul
বিন্যাস: গ্রন্থ
ভাষা:স্প্যানিশ
প্রকাশিত: Paidós. 1965.
বিষয়গুলি:
ট্যাগগুলো: ট্যাগ যুক্ত করুন
কোনো ট্যাগ নেই, প্রথমজন হিসাবে ট্যাগ করুন!

MARC

LEADER 00000nam a22000005a 4500
001 9802
003 CL-ChBUA
005 20120815103216.0
008 070301s1965 ag 000 0 spa
040 |a CL-ChBUA  |c CL-ChBUA 
082 0 0 |a 284 
090 |c 9802  |d 9802 
100 1 |a Tillich, Paul. 
245 1 0 |a La era protestante 
260 |b Paidós.  |c 1965. 
300 |c 19 cm. 
650 4 |a PROTESTANTISMO. 
942 |c LIB 
952 |0 0  |1 0  |4 0  |7 0  |9 14395  |a UNACH  |b UNACH  |c 200  |d 2007-03-05  |i 10.326.  |l 1  |o 284 / T 577. c.1  |p 15394  |r 2022-05-09 00:00:00  |s 2022-05-03  |u 14395  |w 2012-08-08  |y LIB  |k 284 / T 577. c.1 
952 |0 0  |1 0  |4 0  |7 0  |9 14396  |a UNACH  |b UNACH  |c 200  |d 2007-03-05  |i 1.133.  |l 0  |o 284 / T 577. c.2  |p 15395  |r 2019-08-13 00:00:00  |u 14396  |w 2012-08-08  |y LIB  |k 284 / T 577. c.2 
999 |c 9802  |d 9802